Selekcjonerzy reprezentacji Polski - nagła śmierć - Statystyki

Ogólne statystyki
  • Ten quiz został rozwiązany 140 razy
  • Średni wynik to 10 z 12
Answers on the Grid
Answers color-coded by a green-red scale on the quiz's grid according to % correct below.
Adam Nawałka
Adrian Siemieniec
Franciszek Smuda
Goncalo Feio
Louis van Gaal
Marek Papszun
Kazimierz Górski
Czesław Michniewicz
Mauricio Pochettino
Jerzy Brzęczek
Maciej Skorża
Jan Urban
Niels Frederiksen
Piotr Stokowiec
Leo Beenhakker
Arsène Wenger
Paweł Janas
Antoni Piechniczek
Edward Iordănescu
Michał Probierz
Jacek Magiera
Waldemar Fornalik
Paulo Sousa
Ireneusz Mamrot
 
Statystyki odpowiedzi
Odpowiedź % Poprawnych
Adam Nawałka
99%
Czesław Michniewicz
90%
Franciszek Smuda
90%
Jerzy Brzęczek
86%
Jan Urban
85%
Michał Probierz
83%
Kazimierz Górski
81%
Paulo Sousa
79%
Leo Beenhakker
77%
Waldemar Fornalik
72%
Paweł Janas
68%
Antoni Piechniczek
67%
Nie znaleziono quizów pasujących do podanych kryteriów
Rozkład punktacji
Procent ludzi z każdym wynikiem
Percentyl według liczby udzielonych odpowiedzi
Twoja historia wyników
Nie rozwiązałeś tego quizu